000 00609nam a22001937a 4500
005 20251108164241.0
008 250721s1979 xx 000 0 ara d
082 1 4 _a792.0232/سعد
100 1 _aأردش، سعد
245 1 0 _aالمخرج في المسرح المعاصر /
264 1 _aالكويت :
_bالمجلس الوطني للثقافه و الفنون و الأداب،
_c1979.
300 _a394ص
490 0 _aعالم المعرفه
650 1 7 _aالمسرح
650 1 7 _aالإنتاج المسرحي
650 1 7 _aالإخراج المسرحي
942 _2ddc
_cBK
999 _c7461
_d7461